Mary Wakefield
Saved in:
| Main Author: | |
|---|---|
| Format: | Book |
| Language: | Undetermined |
| Published: |
Boston, Estados Unidos
Brown and Co.
1949
|
| Subjects: | |
| Tags: |
Add Tag
No Tags, Be the first to tag this record!
|
MARC
| LEADER | 00000nam a2200000Ia 4500 | ||
|---|---|---|---|
| 008 | 170316s9999 xx 000 0 und d | ||
| 040 | |a cru BVZT | ||
| 090 | |a 810 R-10m | ||
| 100 | |a Rooche, Mazo de la | ||
| 245 | |a Mary Wakefield | ||
| 260 | |a Boston, Estados Unidos | ||
| 260 | |b Brown and Co. | ||
| 260 | |c 1949 | ||
| 300 | |a 337 páginas | ||
| 650 | |a LITERATURA ESTADOUNIDENSE | ||
| 999 | |c 6072 |d 6072 | ||
| 942 | |c 15 D |h 810 R-10m |2 z | ||
